Normal view
MARC view
Entry Topical Term
001 - CONTROL NUMBER
- control field: 10923
003 - CONTROL NUMBER IDENTIFIER
- control field: OSt
005 - DATE AND TIME OF LATEST TRANSACTION
- control field: 20160829144452.0
008 - FIXED-LENGTH DATA ELEMENTS
- fixed length control field: 160829|| aca||aabn | a|a d
040 ## - CATALOGING SOURCE
- Original cataloging agency: OSt
- Transcribing agency: OSt
150 ## - HEADING--TOPICAL TERM
- Topical term or geographic name entry element: Project Research.
670 ## - SOURCE DATA FOUND
- Source citation: Work cat.: (OSt): Cornford,Tony;Smith,Steve; 10922, Project Research in Information Technology:, 2006.
